Memoria ... / (Record no. 187548)

MARC details
000 -LEADER
campo de control de longitud fija 00790nas a2200253 i 4500
001 - NÚMERO DE CONTROL
campo de control 187548
003 - IDENTIFICADOR DE NÚMERO DE CONTROL
campo de control ES-MaACL
005 - FECHA Y HORA DE LA ÚLTIMA TRANSACCIÓN
campo de control 20250217134925.0
008 - DATOS DE LONGITUD FIJA--INFORMACIÓN GENERAL
campo de control de longitud fija 171121d18971928sp ar m | |spa d
022 ## - NÚMERO INTERNACIONAL NORMALIZADO PARA PUBLICACIONES SERIADAS
Número Internacional Normalizado para Publicaciones Seriadas 2478-2033
110 2# - ENTRADA PRINCIPAL--NOMBRE DE ENTIDAD CORPORATIVA
Nombre de entidad corporativa o nombre de jurisdicción como elemento de entrada Unión Ibero-Americana.
9 (RLIN) 7037
245 10 - MENCIÓN DEL TÍTULO
Título Memoria ... /
Mención de responsabilidad, etc. Unión Ibero-Americana.
260 ## - PUBLICACIÓN, DISTRIBUCIÓN, ETC.
Lugar de publicación, distribución, etc. Madrid :
Nombre del editor, distribuidor, etc. Unión Ibero-Americana,
Fecha de publicación, distribución, etc. [1897-1928]
300 ## - DESCRIPCIÓN FÍSICA
Extensión v. ;
Dimensiones 20 y 27 cm.
310 ## - PERIODICIDAD ACTUAL
Periodicidad actual Anual
597 ## - NOTA DE DESCRIPCIÓN FÍSICA
NOTA DE DESCRIPCIÓN FÍSICA Variaciones en el formato.
610 24 - PUNTO DE ACCESO ADICIONAL DE MATERIA--NOMBRE DE ENTIDAD CORPORATIVA
Nombre de entidad corporativa o nombre de jurisdicción como elemento de entrada Unión Ibero-Americana-
Subdivisión de forma Memorias.
9 (RLIN) 156975
852 4# - LOCALIZACIÓN
Ubicación ES-MaACL
Número de control de estantería T-782-F-4-6
Nota libre (1897-99)
852 4# - LOCALIZACIÓN
Ubicación ES-MaACL
Número de control de estantería T-1031-F-14
Nota libre (1903)
852 4# - LOCALIZACIÓN
Ubicación ES-MaACL
Número de control de estantería 1685-F-20
Nota libre (1924)
852 4# - LOCALIZACIÓN
Ubicación ES-MaACL
Número de control de estantería B-271
Nota libre (1928)
866 #0 - MENCIÓN TEXTUAL DE FONDOS--UNIDAD BIBLIOGRÁFICA BÁSICA
Fondos 1897-99, 1924, 1928.
Holdings
Estatus retirado Estado de pérdida Estado de daño No para préstamo Colección Biblioteca de origen Biblioteca actual Ubicación en estantería Fecha de adquisición Fuente de adquisición Total de préstamos Signatura topográfica completa Código de barras Visto por última vez Precio de reemplazo Tipo de ítem Koha
        Periódicos y Revistas Biblioteca del Ateneo de Madrid Biblioteca del Ateneo de Madrid Sala Pardo Bazán 21/11/2017     B-271 1198083 23/02/2023 23/02/2023 Revista
        Colección de folletos Biblioteca del Ateneo de Madrid Biblioteca del Ateneo de Madrid Depósito folletos 21/11/2017     T-782-F-4-6 1198080 23/02/2023 23/02/2023 Folleto
        Colección de folletos Biblioteca del Ateneo de Madrid Biblioteca del Ateneo de Madrid Depósito folletos 21/11/2017     T-1031-F-14 1198081 23/02/2023 23/02/2023 Folleto
        Colección de folletos Biblioteca del Ateneo de Madrid Biblioteca del Ateneo de Madrid Depósito folletos 21/11/2017     1685-F-20 1198082 23/02/2023 23/02/2023 Folleto